000 00596nam a22001697a 4500
008 160930b xxu||||| |||| 00| 0 eng d
020 _a0787630713
050 _aQA 28
_b.N66 1997
100 _aYoung, Robyn V.
245 _aNotable mathematicians :
_bfrom ancient times to the present/
_cRobyn V. Young and Zoran Minderovic.
260 _aDetroit :
_bGare research,
_c1998.
300 _axxi, 612p. :
_bill. ;
_c28cm.
500 _aInclude bibliography and index.
650 _aMathematicians
_xbiography.
700 _aMinderovic, Zoran
942 _2lcc
_cBOOKS
_hQA 28 .N66 1997
999 _c14330
_d14330